000 00341pab a2200145 454500
008 180718b1999 xxu||||| |||| 00| 0 eng d
100 _aLegge, Karen
245 _aRepresenting people at work
260 _c1999
300 _ap.247-64
362 _aMay
650 _aHuman resources development
773 _aOrganization
909 _a41673
999 _c41673
_d41673